00645nam a2200193Ia 4500008004100000020001400041082001400055100002200069245006300091250000800154260004500162300002700207500001900234600002700253650002000280942000700300952012900307999001500436240925s9999 xx 000 0 und d a136250475 a519.4 MAT aMathews, John H. 0aNumerical Methods for Mathematics Science and Engineering  a2nd aNew Jersey:bPrintice- Hall Int.c,1992. axi,412p.bNAfOriginal aIncludes Index aEngineering Technology aNatural Science cBK 001040708ETaUITUbUITUd2003-01-21eKhaliq book Binderg459.80l0o519.4 MATpQ4842r2024-09-25 07:13:39w2024-09-25yBK c7341d7341